UBT Library

Can the Third World survive? / (Record no. 41198)

000 -LEADER
fixed length control field 00684cam a2200253 a 4500
001 - CONTROL NUMBER
control field 915732
005 - DATE AND TIME OF LATEST TRANSACTION
control field 20180129093422.0
008 - FIXED-LENGTH DATA ELEMENTS--GENERAL INFORMATION
fixed length control field 820517s1983 mdu b 001 0 eng
010 ## - LIBRARY OF CONGRESS CONTROL NUMBER
LC control number 82009945
020 ## - INTERNATIONAL STANDARD BOOK NUMBER
International Standard Book Number 0801827655
020 ## - INTERNATIONAL STANDARD BOOK NUMBER
International Standard Book Number 0801827663 (pbk.)
040 ## - CATALOGING SOURCE
Original cataloging agency DLC
Transcribing agency DLC
Modifying agency DLC
041 1# - LANGUAGE CODE
Language code of text/sound track or separate title engfre
043 ## - GEOGRAPHIC AREA CODE
Geographic area code d------
080 ## - UNIVERSAL DECIMAL CLASSIFICATION NUMBER
Universal Decimal Classification number 330.91724
082 00 - DEWEY DECIMAL CLASSIFICATION NUMBER
Classification number 330.91724 LOU
Edition number 19
100 1# - Rafti
Rafti 19
101 ## - Shkurtesa
Shkurtesa SHP
240 10 - UNIFORM TITLE
Uniform title <a href="Tiers-monde, peut-il survivre?">Tiers-monde, peut-il survivre?</a>
Language of a work English
245 10 - TITLE STATEMENT
Title Can the Third World survive? /
Statement of responsibility, etc Jacques Loup.
504 ## - BIBLIOGRAPHY, ETC. NOTE
Bibliography, etc Includes bibliographical references and index.
906 ## - LOCAL DATA ELEMENT F, LDF (RLIN)
a 7
b cbc
c orignew
d 1
e ocip
f 19
g y-gencatlg
942 ## - ADDED ENTRY ELEMENTS (KOHA)
Source of classification or shelving scheme
Item type Books
Holdings
Withdrawn status Lost status Source of classification or shelving scheme Damaged status Not for loan Collection code Permanent location Current location Shelving location Date acquired Total Checkouts Full call number Barcode Date last seen Price effective from Koha item type
          Koleksioni i përgjithshem UBT - Lipjan UBT - Lipjan Koleksioni i përgjithshem 01/29/2018   330.91724 LOU 002-2996883 01/29/2018 01/29/2018 Books
UBT Library © 2015-2024. All rights reserved University Education for Business and Technology